000 00803nam a2200313 a 4500
003 AR-BaBNM
005 20251128205012.0
008 082120s2002 ||||||||||||||000 | spa||
040 _cAR-BaBNM
100 1 _aSaénz, Jimena
245 0 0 _aGenio y figura de Miguel Angel Asturias
260 _aBuenos Aires
_bEudeba
_c1974
300 _a263 p.
_bil.
490 0 _aGenio y figura
_vv. 29
500 _aContiene cronología en p. 7
504 _aBibliografía en p. 258-262
650 4 _aENSAYO
650 4 _aCRITICA LITERARIA
650 4 _aANALISIS LITERARIO
650 4 _aVIDA LITERARIA
650 4 _aLITERATURA POPULAR
650 4 _aFOLKLORE
650 4 _aLEYENDAS
650 4 _aPREMIOS LITERARIOS
651 4 _aGuatemala
655 _aLITERATURA
942 _cBK
998 _cisola
999 _c9648
_d9648